000 00317nam a2200145Ia 4500
100 _aCharniak Eugene
250 _a2
942 _cBK
654 _aartificial
245 _aArtificial intelligence Programming
260 _bLawrence Erlbau
_c1987
082 _a6.3
_bCHA/RIE
300 _a533
546 _aENGLISH
999 _c18662
_d18662